00398nam a2200169Ia 4500003000400000005001700004008004100021020001800062040000700080041000800087082001600095100001400111245003500125260004500160300000900205650001400214OSt20251010103513.0250729s2005 xx 000 0 und d a9789387436046 cAL aeng a372.25 KAMT aKamat H D aTeaching in elementary schools aNew DelhibCommonwealth Publishersc2005 a331p aEducation